000 00612nam a2200193Ia 4500
008 151121s9999||||xx |||||||||||||| ||und||
082 _a812/ काळे
082 _bHNW-72522
100 _aकाळे व। पु।
245 _aटेकाडे भाऊजी
260 _b"वसुंधरा प्रकाशन, अहमदनगर ।"
260 _c--
300 _a181
600 _aकाळे व। पु।
630 _aटेकाडे भाऊजी
700 _aकाळे व। पु।
730 _aटेकाडे भाऊजी
942 _cBOOK
999 _c1253982
_d1253979